logo

Bir Sreshtho Munshi Abdur Rouf Library
Jhenaidah Cadet College

The research paper : (Record no. 9089)

MARC details
000 -LEADER
fixed length control field 00806nam a2200277 a 4500
001 - CONTROL NUMBER
JCCL Control Number 9089
003 - CONTROL NUMBER IDENTIFIER
JCCL marc code BD - JhCC
005 - DATE AND TIME OF LATEST TRANSACTION
control field 20180315085613.0
008 - FIXED-LENGTH DATA ELEMENTS--GENERAL INFORMATION
fixed length control field 981222s1999 caua 001 0 eng d
020 ## - INTERNATIONAL STANDARD BOOK NUMBER
International Standard Book Number 0534523803
035 ## - SYSTEM CONTROL NUMBER
system control number (BD - JhCC)9089
035 ## - SYSTEM CONTROL NUMBER
system control number (UkOxU)UkOxUw10567714
040 ## - CATALOGING SOURCE
Original cataloging agency BD-JhCC
Modifying agency BD-JhCC
041 ## - LANGUAGE CODE
Language code of Book eng
082 0# - DEWEY DECIMAL CLASSIFICATION NUMBER
Classification number 808.02
DDC Edition number 21
Author mark and Year ROT 1999
100 1# - MAIN ENTRY--PERSONAL NAME
Personal name Roth, Audrey J.
245 14 - TITLE STATEMENT
Title The research paper :
Remainder of title process, form, and content /
Statement of responsibility, etc Audrey J. Roth.
250 ## - EDITION STATEMENT
Edition statement 5th ed.
260 ## - PUBLICATION, DISTRIBUTION, ETC. (IMPRINT)
Place of publication, distribution, etc Belmont, Calif. ;
-- London :
Name of publisher, distributor, etc Wadsworth Publishing Co.,
Date of publication, distribution, etc c1999.
300 ## - PHYSICAL DESCRIPTION
Pagination xvi, 312 p :
Other physical details ill ;
Dimensions 23 cm.
504 ## - BIBLIOGRAPHY, ETC. NOTE
Bibliography, etc Includes bibliographical references (p. [289]-303) and index.
650 #0 - SUBJECT ADDED ENTRY--TOPICAL TERM
Topical term or geographic name as entry element Report writing.
650 #0 - SUBJECT ADDED ENTRY--TOPICAL TERM
Topical term or geographic name as entry element Research.
942 ## - ADDED ENTRY ELEMENTS (KOHA)
Source of classification or shelving scheme Dewey Decimal Classification
Koha item type Books
Holdings
Source of classification or shelving scheme Damaged status Not for loan Home library Current library Shelving location Total Checkouts Full call number Barcode Date last seen Copy number Koha item type
Dewey Decimal Classification     JCC Rouf Library JCC Rouf Library General Stacks   808.02 ROT 1999 12128 03/08/2018 C - 1 Books
Dewey Decimal Classification     JCC Rouf Library JCC Rouf Library General Stacks   808.02 ROT 1999 12528 03/13/2018 C - 1 Books

JCC Library | Contacts | JCC Home

Last Update on 23 September 2017
Copyright @ 2017-2020 JCC Rouf Library
Rouf Library, Jhenidah Cadet College (JCC), Bangladesh